000 01076nas1a22002651i 4500
001 RU\NLR\INFOCOMM15\5000245948
005 20240723105301.0
035 _a(NLR Aleph) 002377791
090 _a4592035
_c4592035
100 _a20041214c1992 |||y0rusy50 ca
101 0 _aeng
_arus
102 _aRU
110 _aayuzz 0|y|
200 1 _aТовары и услуги Татарстана
_dGoods and services Tatarstan
_eЕжемес. худож. рекл.-информ. журн.
_fУчредители: Малое предприятие "Маяк", Газ.-журн. изд-во М-ва информ. и печати Республики Татарстан
_zeng
210 _aКазань
_d1992-
300 _aТекст парал. на рус. и англ. яз.
510 1 _aGoods and services Tatarstan
_zeng
712 0 2 _a"Маяк", малое предприятие
_cКазань
_4570
801 1 _aRU
_bInfoComm
_c20041214
801 0 _aRU
_bNLR
_gPSBO
852 _aNLR
_jП23/3508
942 _cJOURNAL
980 _aRUSPER